[Event "2nd Goa GM Open 2019"]
[Site "Goa"]
[Date "2019.06.19"]
[Round "2.28"]
[White "Senthil Maran K"]
[Black "Karthikeyan, P.."]
[Result "1/2-1/2"]
[WhiteElo "2187"]
[BlackElo "2445"]
[Annotator "NA"]
[PlyCount "97"]
[EventDate "2019.06.17"]
[EventType "swiss"]
[EventCountry "IND"]
[SourceTitle "playchess.com"]
[Source "ChessBase"]
[SourceQuality "1"]
[TimeControl "5400+30"]

1. Nf3 {[%emt 0:03:34]} c5 {[%emt 0:00:00]} 2. e3 {[%emt 0:02:50]} Nf6 {[%emt 0:00:32]} 3. d4 {[%emt 0:00:02]} g6 {[%emt 0:01:04]} 4. d5 {[%emt 0:00:17]} Bg7 {[%emt 0:00:27]} 5. Nc3 {[%emt 0:00:06]} O-O {[%emt 0:01:44]} 6. Bc4 {[%emt 0:00:18]} d6 {[%emt 0:03:09]} 7. e4 {[%emt 0:01:12]} Na6 {[%emt 0:04:47]} 8. O-O {[%emt 0:00:22]} Nc7 {[%emt 0:01:19]} 9. a4 {[%emt 0:00:20]} b6 {[%emt 0:07:49]} 10. Qe2 {[%emt 0:03:00]} Bg4 $16 {[%emt 0:01:35]} 11. h3 {[%emt 0:05:06]} Bxf3 {[%emt 0:00:10]} 12. Qxf3 {[%emt 0:00:13]} a6 {[%emt 0:00:32]} 13. Qe2 {[%emt 0:02:10]} Nd7 {[%emt 0:04:19]} 14. Bg5 {[%emt 0:07:32]} Re8 {[%emt 0:02:12]} 15. f4 {[%emt 0:02:03]} Qc8 {[%emt 0:02:44]} 16. e5 {[%emt 0:28:21]} dxe5 {[%emt 0:07:22]} 17. d6 {[%emt 0:01:05]} exd6 {[%emt 0:04:25]} 18. f5 {[%emt 0:01:05]} gxf5 {[%emt 0:03:47]} 19. Rxf5 {[%emt 0:02:20]} Ne6 {[%emt 0:00:31]} 20. Qh5 {[%emt 0:11:54]} f6 {[%emt 0:02:52]} 21. Ne4 {[%emt 0:00:14]} Re7 {[%emt 0:28:16]} 22. Nxf6+ {[%emt 0:03:10]} Nxf6 {[%emt 0:00:28]} 23. Bxf6 {[%emt 0:04:54]} Bxf6 {[%emt 0:01:03]} 24. Rxf6 {[%emt 0:00:02]} Kh8 {[%emt 0:01:09]} 25. Bxe6 {[%emt 0:08:05]} Rxe6 {[%emt 0:00:03]} 26. Qh6 {[%emt 0:00:12]} Re7 {[%emt 0:04:12]} 27. Rxd6 {[%emt 0:08:47]} Rg7 {[%emt 0:03:19]} 28. Qf6 {[%emt 0:01:26]} Qb7 {[%emt 0:01:33]} 29. g4 {[%emt 0:00:26]} Qe4 {[%emt 0:04:50]} 30. Rad1 {[%emt 0:00:38]} Qe3+ {[%emt 0:02:09]} 31. Kg2 {[%emt 0:00:23]} Qe4+ {[%emt 0:01:09]} 32. Kg3 {[%emt 0:01:11]} Qe3+ {[%emt 0:03:09]} 33. Kh4 {[%emt 0:00:10]} Rag8 {[%emt 0:00:41]} 34. Rd7 {[%emt 0:00:14]} Qf4 {[%emt 0:01:42]} 35. Qxf4 {[%emt 0:01:42]} exf4 {[%emt 0:00:02]} 36. R7d6 {[%emt 0:01:42]} Rg6 {[%emt 0:00:50]} 37. Rxg6 {[%emt 0:00:42]} Rxg6 {[%emt 0:00:05]} 38. g5 {[%emt 0:00:23]} h6 {[%emt 0:00:53]} 39. gxh6 {[%emt 0:00:37]} Kh7 {[%emt 0:00:45]} 40. Rd2 {[%emt 0:00:36]} Kxh6 {[%emt 0:01:17]} 41. Rf2 {[%emt 0:00:08]} b5 {[%emt 0:00:44]} 42. axb5 {[%emt 0:00:49]} axb5 {[%emt 0:00:02]} 43. b3 {[%emt 0:00:25]} Rg3 {[%emt 0:01:12]} 44. Rxf4 {[%emt 0:00:11]} Rc3 {[%emt 0:00:01]} 45. Rf6+ {[%emt 0:00:22]} Kg7 {[%emt 0:00:09]} 46. Rf2 {[%emt 0:00:04]} b4 {[%emt 0:00:09]} 47. Kg4 {[%emt 0:01:25]} c4 {[%emt 0:00:02]} 48. bxc4 {[%emt 0:00:35]} Rxc4+ {[%emt 0:00:01]} 49. Rf4 {[%emt 0:00:27]} 1/2-1/2

[Event "2nd Goa GM Open 2019"]
[Site "Goa"]
[Date "2019.06.19"]
[Round "2.29"]
[White "Patil, Pratik"]
[Black "Mohammad Nubairshah Shaikh"]
[Result "0-1"]
[WhiteElo "2184"]
[BlackElo "2436"]
[Annotator "NA"]
[PlyCount "108"]
[EventDate "2019.06.17"]
[EventType "swiss"]
[EventCountry "IND"]
[SourceTitle "playchess.com"]
[Source "ChessBase"]
[SourceQuality "1"]
[TimeControl "5400+30"]

1. e4 c6 2. d4 d5 3. Nd2 dxe4 4. Nxe4 Bf5 5. Ng3 Bg6 6. c3 e6 7. Nh3 Bd6 8. Nf4 Qc7 9. Qf3 Nf6 10. h4 Nbd7 11. h5 Bc2 12. Bd3 Bxd3 13. Nxd3 h6 14. O-O O-O 15. Re1 Qa5 16. Ne4 Nxe4 17. Rxe4 Nf6 18. Rh4 Qd5 19. Qh3 Rfd8 20. Bf4 Bxf4 21. Nxf4 Qb5 22. Nd3 Rd5 23. a4 Qb3 24. Qf3 Rad8 25. Qe2 Qc4 26. Qc2 Rxh5 27. Rxh5 Nxh5 28. Nb4 Nf4 29. Re1 Nd5 30. Nd3 Qa6 31. Nc5 Qb6 32. a5 Qc7 33. b4 b6 34. axb6 axb6 35. Nd3 Ra8 36. Qb2 Qa7 37. c4 Ne7 38. Ne5 Qa2 39. Qc1 Qb3 40. Qf4 Nf5 41. Nxc6 Qxc4 42. Rc1 Qe2 43. d5 g5 44. Qc7 Ra2 45. Qxb6 exd5 46. Rf1 Rd2 47. Qb8+ Kg7 48. b5 Rb2 49. b6 Qe6 50. b7 Ne7 51. Nd8 Qb6 52. Qe5+ Kf8 53. Rc1 Qxd8 54. Rc8 Rb1+ 0-1

[Event "2nd Goa GM Open 2019"]
[Site "Goa"]
[Date "2019.06.19"]
[Round "2.29"]
[White "Patil, Pratik"]
[Black "Mohammad Nubairshah Shaikh"]
[Result "*"]
[WhiteElo "2184"]
[BlackElo "2436"]
[Annotator "NA"]
[PlyCount "23"]
[EventDate "2019.06.17"]
[EventType "swiss"]
[EventCountry "IND"]
[SourceTitle "playchess.com"]
[Source "ChessBase"]
[SourceQuality "1"]
[TimeControl "5400+30"]

1. e4 {[%emt 0:00:01]} c6 {[%emt 0:00:00]} 2. d4 {[%emt 0:00:10]} d5 {[%emt 0:00:00]} 3. Nd2 {[%emt 0:00:24]} dxe4 {[%emt 0:00:07]} 4. Nxe4 {[%emt 0:00:18]} Bf5 5. Ng3 {[%emt 0:00:17]} Bg6 {[%emt 0:00:00]} 6. c3 {[%emt 0:00:30]} e6 {[%emt 0:02:10]} 7. Nh3 Bd6 {[%emt 0:00:03]} 8. Nf4 {[%emt 0:03:58]} Qc7 {[%emt 0:00:03]} 9. Qf3 {[%emt 0:02:32]} Nf6 {[%emt 0:00:24]} 10. Bd3 {[%emt 0:10:36]} Bxd3 {[%emt 0:00:56]} 11. Nxd3 {[%emt 0:06:56]} h6 {[%emt 0:11:20]} 12. O-O {[%emt 0:00:30]} *

[Event "2nd Goa GM Open 2019"]
[Site "Goa"]
[Date "2019.06.19"]
[Round "2.30"]
[White "Michelle Catherina, P."]
[Black "Sammed Jaykumar, Shete"]
[Result "0-1"]
[WhiteElo "2182"]
[BlackElo "2431"]
[Annotator "NA"]
[PlyCount "118"]
[EventDate "2019.06.17"]
[EventType "swiss"]
[EventCountry "IND"]
[SourceTitle "playchess.com"]
[Source "ChessBase"]
[SourceQuality "1"]
[TimeControl "5400+30"]

1. e4 {[%emt 0:01:02]} c5 {[%emt 0:00:00]} 2. Nf3 {[%emt 0:00:14]} d6 {[%emt 0:00:00]} 3. d4 {[%emt 0:00:28]} Nf6 {[%emt 0:00:00]} 4. Nc3 {[%emt 0:00:07]} cxd4 {[%emt 0:00:00]} 5. Nxd4 {[%emt 0:00:10]} Nc6 {[%emt 0:00:20]} 6. Bg5 {[%emt 0:00:11]} e6 {[%emt 0:00:08]} 7. Qd2 {[%emt 0:00:09]} a6 {[%emt 0:00:05]} 8. O-O-O {[%emt 0:00:16]} Be7 {[%emt 0:00:04]} 9. f4 {[%emt 0:00:32]} Bd7 {[%emt 0:00:15]} 10. Nf3 {[%emt 0:00:09]} b5 {[%emt 0:00:09]} 11. Bxf6 {[%emt 0:00:53]} gxf6 {[%emt 0:00:09]} 12. Kb1 {[%emt 0:00:10]} Qb6 {[%emt 0:01:03]} 13. g3 {[%emt 0:03:51]} O-O-O {[%emt 0:02:35]} 14. f5 {[%emt 0:02:25]} Kb8 {[%emt 0:05:27]} 15. fxe6 {[%emt 0:05:28]} fxe6 {[%emt 0:00:35]} 16. Bh3 {[%emt 0:00:35]} Rhe8 $11 {[%emt 0:06:49]} 17. Ne2 {[%emt 0:05:31]} Bf8 {[%emt 0:12:32]} 18. Rhf1 {[%emt 0:05:20]} Bc8 {[%emt 0:03:19]} 19. Nfd4 {[%emt 0:10:18]} d5 {[%emt 0:18:14]} 20. Rxf6 {[%emt 0:10:53]} Nxd4 {[%emt 0:09:10]} 21. Qxd4 {[%emt 0:06:09]} Bc5 {[%emt 0:01:20]} 22. Qe5+ {[%emt 0:03:10]} Bd6 {[%emt 0:01:50]} 23. Qd4 {[%emt 0:01:59]} Qc7 {[%emt 0:00:32]} 24. Qd3 {[%emt 0:16:39]} Bb7 {[%emt 0:13:43]} 25. e5 {[%emt 0:04:01]} Bxe5 {[%emt 0:01:54]} 26. Rxe6 {[%emt 0:01:01]} Rxe6 {[%emt 0:06:39]} 27. Bxe6 {[%emt 0:01:18]} d4 {[%emt 0:01:09]} 28. Rf1 {[%emt 0:02:40]} Qc6 {[%emt 0:00:59]} 29. Bh3 {[%emt 0:06:36]} Qh6 {[%emt 0:00:54]} 30. Qf5 {[%emt 0:01:45]} Bc7 {[%emt 0:03:26]} 31. Ng1 {[%emt 0:06:18]} Qe3 {[%emt 0:04:19]} 32. Qf2 {[%emt 0:03:58]} Bb6 {[%emt 0:00:42]} 33. Qe2 {[%emt 0:01:22]} Be4 {[%emt 0:00:55]} 34. Qxe3 {[%emt 0:00:49]} dxe3 {[%emt 0:00:05]} 35. Kc1 {[%emt 0:00:29]} Rd2 {[%emt 0:00:31]} 36. Rf8+ {[%emt 0:00:20]} Kb7 {[%emt 0:00:09]} 37. Rf7+ {[%emt 0:00:25]} Kc6 {[%emt 0:00:26]} 38. Rf6+ {[%emt 0:00:26]} Kc7 {[%emt 0:00:31]} 39. Rf7+ {[%emt 0:00:46]} Kd8 {[%emt 0:00:04]} 40. Rf8+ {[%emt 0:00:31]} Ke7 {[%emt 0:00:07]} 41. Rf4 {[%emt 0:00:28]} Rxc2+ {[%emt 0:00:21]} 42. Kb1 {[%emt 0:00:31]} Rc4+ {[%emt 0:02:23]} 43. Rxe4+ {[%emt 0:00:25]} Rxe4 {[%emt 0:00:02]} 44. Ne2 {[%emt 0:00:18]} Re5 {[%emt 0:00:04]} 45. Bg4 {[%emt 0:00:53]} h5 {[%emt 0:00:42]} 46. Bf3 {[%emt 0:00:26]} Rf5 {[%emt 0:00:14]} 47. Be4 {[%emt 0:00:33]} Rf2 {[%emt 0:00:18]} 48. Bd3 {[%emt 0:00:06]} Rxh2 {[%emt 0:00:09]} 49. a4 {[%emt 0:00:48]} b4 {[%emt 0:00:57]} 50. Kc2 {[%emt 0:00:28]} a5 {[%emt 0:00:36]} 51. Kb3 {[%emt 0:00:22]} Kd6 {[%emt 0:00:43]} 52. Bb5 {[%emt 0:00:42]} h4 {[%emt 0:03:13]} 53. gxh4 {[%emt 0:00:18]} Rxh4 {[%emt 0:00:05]} 54. Bd3 {[%emt 0:00:31]} Rh8 {[%emt 0:01:25]} 55. Ba6 {[%emt 0:00:40]} Rh5 {[%emt 0:00:52]} 56. Kc4 {[%emt 0:00:35]} Rd5 {[%emt 0:00:24]} 57. Kb3 {[%emt 0:00:29]} Rd2 {[%emt 0:00:10]} 58. Ng3 {[%emt 0:00:28]} Ke5 59. Ne2 {[%emt 0:00:19]} Bd4 {[%emt 0:00:23]} 0-1

[Event "2nd Goa GM Open 2019"]
[Site "Goa"]
[Date "2019.06.19"]
[Round "3.1"]
[White "Pantsulaia, Levan"]
[Black "Sardana, Rishi"]
[Result "1-0"]
[WhiteElo "2614"]
[BlackElo "2428"]
[Annotator "TA"]
[PlyCount "107"]
[EventDate "2019.06.17"]
[EventType "swiss"]
[EventCountry "IND"]
[SourceTitle "playchess.com"]
[Source "ChessBase"]
[SourceQuality "1"]

{[%evp 11,107,6,14,13,18,7,14,17,12,0,-2,0,0,-7,8,8,24,30,15,16,27,23,30,25,30,9,29,22,33,0,0,0,93,70,77,92,84,66,58,50,43,38,51,0,0,0,0,0,0,-15,0,-54,114,100,78,91,86,0,0,0,0,0,0,0,320,317,306,307,390,390,373,350,458,310,300,280,439,439,436,432,399,410,401,353,422,417,839,813,1723,1508,29991,29988,29988,29989,29993,29994,29994,29995]} 1. c4 c5 2. Nc3 Nc6 3. Nf3 ({Predecessor:} 3. g3 g6 4. Bg2 Bg7 {1-0 (26) Jobava,B (2664)-Horvath,A (2540) Abu Dhabi 2015}) 3... g6 4. g3 Bg7 5. Bg2 d6 6. O-O Bf5 7. d3 $146 {A37: Symmetrical English vs ...g6: 4 Bg2 Bg7 5 Nf3} (7. h3 Nf6 8. d3 O-O 9. Be3 a6 10. Qd2 b5 11. cxb5 axb5 12. Nxb5 Qa5 13. Nc3 Rab8 14. Rfc1 Rfc8 {1-0 (43) Carlsen,M (2845)-Vachier Lagrave,M (2773) Karlsruhe/Baden Baden 2019}) 7... Qd7 8. Rb1 Bh3 9. Bxh3 {The position is equal.} Qxh3 10. Nd5 {Black must now prevent Nc7+.} Qd7 11. Bd2 e6 12. Bc3 f6 (12... Kf8 {keeps more tension.} 13. Nf4 b6 14. e4 h5 15. Ng5 Bd4) 13. Ne3 e5 14. b4 Nge7 15. Nd5 O-O 16. bxc5 dxc5 17. e4 f5 18. Kg2 h6 19. a4 {[%cal Ba2a4,Ba4a5][%mdl 32]} Rf7 20. a5 Raf8 21. Nd2 Nxd5 (21... f4 $11 {keeps the balance.}) 22. cxd5 $16 Nd4 23. Bxd4 cxd4 24. Qb3 h5 25. Qb5 Qd8 26. Qc5 Qg5 $1 {[%cal Rg5d2]} 27. Rb2 (27. Nf3 $14 Qf6 28. Rb3) 27... h4 $11 28. d6 {Strongly threatening Qd5.} ({Of course not} 28. Qxa7 fxe4 29. dxe4 (29. Nxe4 Qg4 $15) 29... Bh6 $11) 28... fxe4 $1 29. dxe4 {Threatening Qd5.} Qg4 30. f3 h3+ 31. Kg1 (31. Kh1 $11) 31... Qg5 $2 (31... Qe6 $1 $15 {stays ahead.} 32. f4 exf4) 32. Qd5 {Threatens to win with Nc4.} Qe3+ {[#]} 33. Rf2 $1 Kh7 {[%cal Rf7f3] ...Rxf3 is the strong threat.} 34. d7 (34. Nf1 $16 Qg5 35. Rb3 (35. Rxb7 Rxf3 36. Rxf3 Rxf3 $11)) 34... Rxf3 35. Nxf3 Rxf3 36. Qc4 $36 {[%mdl 2048] White has the initiative.} d3 $1 {( -> ...Qe1+)} 37. Kf1 d2 $4 {[%mdl 8192] [#]} (37... Bf6 $1 $11 38. d8=Q Bxd8) 38. Rbxd2 $1 $18 {[%mdl 576] Deflection} Qxd2 {[%csl Gf3][%cal Rd2f2]} 39. Rxf3 {[%mdl 4096] Endgame KQR-KQB} Qd1+ 40. Kf2 Qd2+ 41. Qe2 Qd4+ 42. Kf1 {And now Rd3 would win.} Qxd7 43. Qd3 Qa4 {[#]} (43... Qc6 {was called for.} 44. g4 Bh6 45. Rxh3 Kg7) 44. g4 $1 Qa1+ 45. Kf2 Qb2+ 46. Qe2 Qd4+ 47. Kg3 Bh6 48. Rf7+ {[%mdl 64] Double Attack} Kg8 (48... Bg7 $142 49. Kxh3 b5) 49. Rxb7 Qc3+ 50. Kh4 {White threatens Qa2+ and mate.} Bd2 51. Qb5 {[%cal Rb5e8] White mates.} Be1+ {[#]} 52. Kg5 $1 {[%cal Rb5e8]} Qe3+ 53. Kxg6 {[%cal Rb5e8]} Qxe4+ 54. Kh5 {Accuracy: White = 75%, Black = 52%.} 1-0

[Event "2nd Goa GM Open 2019"]
[Site "Goa"]
[Date "2019.06.19"]
[Round "3.2"]
[White "Manik, Mikulas"]
[Black "Ter-Sahakyan, Samvel"]
[Result "0-1"]
[WhiteElo "2399"]
[BlackElo "2611"]
[Annotator "TA"]
[PlyCount "74"]
[EventDate "2019.06.17"]
[EventType "swiss"]
[EventCountry "IND"]
[SourceTitle "playchess.com"]
[Source "ChessBase"]
[SourceQuality "1"]

{[%evp 19,74,32,27,12,17,10,14,0,0,0,0,-4,-10,-13,0,0,0,0,0,0,0,4,16,-74,-74,-95,-91,-144,-147,-152,-134,-154,-134,-193,-195,-300,-296,-327,-302,-637,-638,-806,-805,-843,-831,-902,-899,-875,-881,-845,-825,-894,-906,-889,-874,-847,-829]} 1. e4 e5 2. Nf3 Nc6 3. Bb5 g6 4. c3 a6 5. Ba4 d6 6. d4 Bd7 7. O-O Bg7 8. Bg5 f6 9. Be3 Nh6 10. dxe5 fxe5 11. Bg5 {C76: Ruy Lopez: Deferred Steinitz: 5 c3 Bd7 6 d4 g6} (11. h3 Qe7 12. c4 Nd8 13. Nc3 Bxa4 14. Qxa4+ c6 15. Rfd1 Nhf7 16. b4 O-O 17. b5 Bh6 18. bxc6 bxc6 {½-½ (47) Sivuk,V (2550)-Kryvoruchko,Y (2694) Israel 2018}) 11... Qc8 12. Nbd2 O-O 13. Re1 $146 {The position is equal.} ({Predecessor:} 13. b4 Ng4 14. Bb3+ Kh8 15. a4 Nf6 16. Qc2 Nh5 17. Kh1 h6 18. Be3 Nd8 {1-0 (41) Ustinov,G-Rubel,I Cheliabinsk 1959}) 13... Kh8 14. Nf1 Bg4 15. Re3 Nf7 16. Bh4 g5 17. Bg3 $1 Nfd8 18. h3 Bh5 $1 19. Bh2 Ne6 20. Ng3 Bg6 21. h4 (21. Nf5 $11 {keeps the balance.}) 21... g4 $17 22. h5 Bh6 (22... gxf3 23. hxg6 Ng5 24. Nf5 $15) 23. Nh4 ({White should try} 23. Rd3 Be8 24. Nh4) 23... Bxe3 24. fxe3 Bf7 25. Qxg4 {[#]} Nc5 $1 $36 {[%mdl 2048] Black is in control.} 26. Qg5 (26. Ngf5 $17 {was called for.} Rg8 27. Qf3) 26... Qd8 ({Stronger than} 26... Nxa4 27. Qf6+ Kg8 28. Nhf5 Qxf5 29. Nxf5 Nxb2 30. Nh6#) 27. Qh6 (27. Qxd8 {keeps fighting.} Rfxd8 28. Bd1) 27... Nxa4 $19 28. Rf1 {Hoping for Rf6.} Nc5 {Strongly threatening ...Nd7.} ({Wrong is} 28... Qxh4 $2 29. Nf5 $18) ({Worse is} 28... Nxb2 29. Rf6 $16) 29. Rf6 $2 {[#]} (29. Rf2) 29... Nd7 {Black is clearly winning.} 30. Ng6+ Bxg6 31. hxg6 Nxf6 32. Nf5 Qd7 33. g7+ Kg8 34. Qg5 Kf7 35. Bg3 Rg8 36. Bh4 Qe6 37. Nh6+ Ke8 {Accuracy: White = 47%, Black = 93%.} 0-1

[Event "2nd Goa GM Open 2019"]
[Site "Goa"]
[Date "2019.06.19"]
[Round "3.3"]
[White "Bharath Subramaniyam H"]
[Black "Gupta, Abhijeet"]
[Result "1/2-1/2"]
[WhiteElo "2383"]
[BlackElo "2606"]
[Annotator "TA"]
[PlyCount "177"]
[EventDate "2019.06.17"]
[EventType "swiss"]
[EventCountry "IND"]
[SourceTitle "playchess.com"]
[Source "ChessBase"]
[SourceQuality "1"]

{[%evp 19,177,0,0,0,10,-9,0,-25,-18,-27,-34,-38,-35,-43,20,15,10,0,58,31,31,31,38,31,31,31,28,18,35,14,16,17,8,-140,-146,-265,-268,-252,-269,-266,-251,-292,-196,-359,-357,-340,-322,-303,-288,-574,-536,-530,-390,-344,-375,-340,-301,-294,-278,-251,-233,-233,-233,-233,-227,-259,-261,-377,-378,-382,-353,-396,-367,-355,-297,-369,-354,-466,-405,-396,-426,-441,-304,-305,-297,-297,0,-3,0,0,0,-243,-242,-236,0,0,0,0,0,0,0,0,0,0,0,0,0,0,0,0,0,0,0,0,0,0,0,0,0,0,0,0,0,0,0,0,0,0,0,0,0,0,0,0,0,0,0,0,0,0,0,0,0,0,0,0,0,0,0,0,0,0,0,0,0,0,0,0,0,0]} 1. e4 c5 2. Nf3 d6 3. d4 cxd4 4. Nxd4 Nf6 5. Nc3 Nc6 6. Be2 e5 7. Nf3 h6 8. O-O Be7 9. Re1 O-O 10. Bf1 Bg4 11. h3 {B58: Classical Sicilian: 6 Be2} Bh5 12. Bc4 (12. Be3 Rc8 13. a3 Kh8 14. Rc1 a6 15. g4 Bg6 16. Nh4 Bxe4 17. Nxe4 Nxe4 18. Nf5 Bg5 {½-½ (18) Kovchan,A (2575)-Baklan,V (2608) Kiev 2018}) 12... Rc8 13. Bb3 Kh8 $146 ({Predecessor:} 13... Na5 14. Qd3 Nxb3 15. axb3 a6 16. Nh2 Bg6 17. Qd1 Kh7 18. Nf1 Qb6 {½-½ (75) Michelle,C (2157)-Nazaretyan,T (2328) Voronezh 2017}) 14. g4 Bg6 15. a3 Na5 16. Bd5 Rxc3 (16... Qd7 $15) 17. bxc3 $11 Qc8 18. Nh4 Qxc3 ({Better is} 18... Nxd5 $11 19. Nxg6+ (19. Qxd5 Bxh4 20. Qxa5 h5 $17) 19... fxg6 20. Qxd5 Qxc3) 19. Nxg6+ fxg6 20. Be3 $1 Qc7 21. c4 ({Avoid the trap} 21. Bxa7 $2 Nxd5 22. Qxd5 b6 $19) 21... Nh7 22. Rc1 ({Don't go for} 22. Bxa7 $2 b6 $19) 22... b6 23. Kg2 Bh4 24. Rf1 Bg5 25. Bxg5 Nxg5 26. h4 (26. Rc3 $11) 26... Nf3 $17 27. Qxf3 (27. Rc3 $17 Nxh4+ 28. Kh1) 27... Rxf3 $19 28. Kxf3 Nb3 29. Rcd1 Qe7 30. Kg3 g5 31. hxg5 $2 (31. h5 {was the only chance.}) 31... Qxg5 32. f3 Nd4 33. Rf2 g6 34. Rd3 $2 (34. a4) 34... h5 35. Kg2 Qf4 36. gxh5 gxh5 37. Rd1 h4 {aiming for ...Qg3+.} 38. Rg1 Kh7 39. Kh1 {[#] intending Rg4.} Qe3 $1 {[%mdl 512]} 40. Rfg2 {Black should prevent Rg7+.} Qxf3 41. Kh2 {And now Rg7+ would win.} Qf4+ 42. Kh1 {next Rg7+ is good for White.} Nf3 $1 {[%cal Rf3g1]} 43. Rf1 (43. Rf2 {only move.} Qe3 44. Rgf1) 43... h3 44. Rgf2 Qg3 45. a4 Kh6 46. Re2 Nh4 47. Rf6+ Kh5 {Strongly threatening ...Nf3.} 48. Rf8 Ng6 $1 {[%cal Rg6f8]} 49. Rf5+ Kh4 50. Rf7 Qg4 51. Ref2 Nf4 52. Rh7+ {[#]} Kg3 $2 (52... Nh5 $1 $19 53. Rh8 Qg3) 53. Rf1 $11 Qe2 {[%cal Re2f1]} 54. Rg7+ Kh4 55. Rfg1 $2 (55. Rh7+ $1 $11 {and White is okay.} Nh5 56. Rg1) 55... Qf3+ $19 56. Kh2 {[#]} Nh5 $2 (56... Qh5 $1 $19 {Threatens to win with ...Nd3.} 57. Re1 Ne2) 57. Rh7 {The position is equal.} Qf2+ 58. Kh1 Qf3+ 59. Kh2 a6 60. Rh8 Qf2+ 61. Kh1 Qf3+ 62. Kh2 Qb3 63. Kh1 Qf3+ 64. Kh2 Qf6 65. Rh7 Qf2+ 66. Kh1 Qc2 67. Rh8 Qe2 68. Rh7 Qf3+ 69. Kh2 Qf6 {...Qf4+ is the strong threat.} 70. Kh1 Qf3+ 71. Kh2 a5 72. Rh8 Qf6 (72... b5 $5 73. cxb5 Qf2+ 74. Kh1 Qf3+ 75. Kh2 Qe3 $11) 73. Rh7 Qf2+ 74. Kh1 Qf3+ 75. Kh2 Qf6 {Hoping for ...Qf4+.} 76. Kh1 Qf4 77. Rh8 Qf3+ 78. Kh2 Qb3 79. Kh1 Qf3+ 80. Kh2 Qe2+ 81. Kh1 Qc2 82. Rh7 Qb3 83. Rh8 Qf3+ 84. Kh2 Qf6 85. Rh7 Qf4+ 86. Kh1 Qf3+ 87. Kh2 Qf4+ 88. Kh1 Qf3+ 89. Kh2 {Accuracy: White = 56%, Black = 71%.} 1/2-1/2

[Event "2nd Goa GM Open 2019"]
[Site "Goa"]
[Date "2019.06.19"]
[Round "3.4"]
[White "Sahoo, Utkal Ranjan"]
[Black "Petrosyan, Manuel"]
[Result "0-1"]
[WhiteElo "2371"]
[BlackElo "2573"]
[Annotator "ChessBase"]
[PlyCount "69"]
[EventDate "2019.06.17"]
[EventType "swiss"]
[EventCountry "IND"]
[SourceTitle "playchess.com"]
[Source "ChessBase"]
[SourceQuality "1"]
[TimeControl "5400+30"]

1. d4 {[%emt 0:00:10]} Nf6 {[%emt 0:00:00]} 2. Bg5 {[%emt 0:00:16]} e6 {[%emt 0:00:23]} 3. e4 {[%emt 0:00:17]} h6 {[%emt 0:00:07]} 4. Bxf6 {[%emt 0:00:06]} Qxf6 {[%emt 0:00:05]} 5. c3 {[%emt 0:00:08]} Nc6 {[%emt 0:01:44]} 6. e5 {[%emt 0:07:27]} Qg6 {[%emt 0:03:19]} 7. Nf3 {[%emt 0:03:01]} d6 {[%emt 0:02:03]} 8. Bd3 {[%emt 0:10:19]} Qxg2 {[%emt 0:03:21]} 9. Rg1 {[%emt 0:00:25]} Qh3 {[%emt 0:00:05]} 10. Nbd2 {[%emt 0:00:51]} dxe5 {[%emt 0:06:20]} 11. dxe5 {[%emt 0:00:14]} g5 {[%emt 0:01:33]} 12. Rg3 {[%emt 0:23:40]} Qh5 {[%emt 0:01:26]} 13. Ne4 {[%emt 0:05:06]} Bg7 {[%emt 0:01:07]} 14. Qb3 {[%emt 0:03:15]} a6 {[%emt 0:11:43]} 15. Nf6+ {[%emt 0:08:37]} Bxf6 {[%emt 0:00:32]} 16. exf6 {[%emt 0:00:01]} g4 {[%emt 0:02:01]} 17. Nd2 {[%emt 0:01:40]} Qe5+ {[%emt 0:13:03]} 18. Ne4 {[%emt 0:01:14]} b6 {[%emt 0:02:04]} 19. O-O-O {[%emt 0:04:42]} Bb7 {[%emt 0:00:04]} 20. Bc2 {[%emt 0:02:51]} Rd8 {[%emt 0:00:29]} 21. Rgd3 {[%emt 0:10:26]} O-O {[%emt 0:02:37]} 22. Qc4 {[%emt 0:06:31]} Qf4+ {[%emt 0:10:37]} 23. Kb1 {[%emt 0:00:18]} b5 {[%emt 0:01:38]} 24. Qc5 {[%emt 0:02:27]} Rxd3 {[%emt 0:00:14]} 25. Bxd3 {[%emt 0:01:46]} Rd8 {[%emt 0:00:49]} 26. Qe3 {[%emt 0:04:54]} Qxe3 {[%emt 0:04:28]} 27. fxe3 {[%emt 0:00:01]} Ne5 {[%emt 0:00:51]} 28. Nc5 {[%emt 0:00:11]} Rxd3 {[%emt 0:00:08]} 29. Rxd3 {[%emt 0:00:19]} Nxd3 {[%emt 0:00:05]} 30. Nxb7 {[%emt 0:00:05]} h5 {[%emt 0:00:09]} 31. Kc2 {[%emt 0:00:37]} h4 {[%emt 0:00:30]} 32. Kxd3 {[%emt 0:00:47]} g3 {[%emt 0:00:33]} 33. hxg3 {[%emt 0:00:31]} h3 {[%emt 0:00:05]} 34. Nc5 {[%emt 0:00:31]} h2 {[%emt 0:00:05]} 35. Kd4 0-1